000 00272nam a22001217a 4500
008 170322b xxu||||| |||| 00| 0 eng d
041 _aeng
080 _26TH
_a616.8
100 _a7
101 _aSHM
245 _aDISEASES OF THE NERVOUS SYSTEM
_cBRAIN, L
942 _2udc
_cBK
999 _c8374
_d8374